Didáctica del lenguaje
Furkejuvvon:
| Váldodahkki: | |
|---|---|
| Materiálatiipa: | Girji |
| Giella: | espánnjágiella |
| Almmustuhtton: |
Barcelona
Teide
1967
|
| Fáttát: | |
| Fáddágilkorat: |
Lasit fáddágilkoriid
Eai fáddágilkorat, Lasit vuosttaš fáddágilkora!
|
MARC
| LEADER | 00000nam a2200000 a 4500 | ||
|---|---|---|---|
| 001 | UCY8935 | ||
| 003 | CL-VaPUC | ||
| 008 | 950707e19670000SP |||||||||||||||||spa|d | ||
| 082 | 0 | 4 | |a 372.6 |b GAL |2 21 |
| 100 | |a Galí Herrera, Jordi |e author |9 378258 | ||
| 245 | 1 | 0 | |a Didáctica del lenguaje |
| 300 | |a 94 p | ||
| 942 | |c BK | ||
| 945 | |d 19950707 00:00:00 |a cmena | ||
| 260 | |a Barcelona |b Teide |c 1967 | ||
| 650 | 7 | |a ENSEÑANZA DE LA LENGUA MATERNA |2 CL-VaPUC |9 334470 | |
| 650 | 0 | |a Métodos de enseñanza |9 270413 | |
| 650 | 0 | |a Educación lingüística |9 306506 | |
| 650 | 0 | |a Ortografía |9 309144 | |
| 650 | 0 | |a Morfología Lingüística |9 340777 | |
| 650 | 0 | |a Psicolingüística |9 283371 | |
| 583 | |a last modification |c 19950707 00:00:00 |k Rodrigo Vera | ||
| 999 | |c 236113 |d 236111 | ||
| 952 | |0 0 |1 0 |4 0 |6 372_600000000000000_GAL_1967 |7 0 |8 P |9 243968 |a BIBEDU |b BIBEDU |c BIBEDU_PB |d 2019-11-18 |i 1526987 |o 372.6 GAL 1967 |p 1526987 |r 2024-01-25 |w 2019-11-18 |y BK |k EDU | ||
| 952 | |0 0 |1 0 |4 0 |6 372_600000000000000_GAL_1967 |7 0 |8 P |9 243969 |a BIBEDU |b BIBEDU |c BIBEDU_PB |d 2019-11-18 |i 1526995 |o 372.6 GAL 1967 |p 1526995 |r 2024-01-25 |w 2019-11-18 |y BK |k EDU | ||
| 952 | |0 0 |1 0 |4 0 |6 372_600000000000000_GAL_1967 |7 0 |8 A |9 243970 |a FDOPOS |b FDOPOS |d 2019-11-18 |i 4270371 |o 372.6 GAL 1967 |p 4270371 |r 2025-01-22 |w 2019-11-18 |y BK |k MLA | ||